• 首页
  • 本馆介绍
  • 公告通知
  • 最新文献
  • 馆藏检索
  • 电子资源
  • 读者导购
  • 参考咨询
  • 我的图书馆
  • 登录
  • 详细信息显示
  • 放入我的书架
  • 预约/预借图书
  • 作者相关作品
  • 分类相关作品
  • 丛书相关作品
  • 出版社相关作品

书目信息

  • 表格格式
  • 工作单格式
  • 卡片格式
题名:
山地车圣经
    
 
作者: 洛佩斯 , 麦考马克 著 ;潘震 译
分册:  
出版信息: 北京   人民邮电出版社  2021.1
页数: 359页
开本: 21cm
丛书名: 悦动空间
单 册:
中图分类: G872.3
科图分类:
主题词: 自行车运动--zi xing che yun dong--手册
电子资源:
ISBN: 978-7-115-50695-5
000 01233nam 2200313 450
001 012001002776
005 20140203092535.0
010    @a978-7-115-50695-5@dCNY99.00
099    @aCAL 012019093564
100    @a20220905d2019 em y0chiy50 ea
101 1  @achi@ceng
102    @aCN@b110000
105    @aa z 000yy
106    @ar
200 1  @a山地车圣经@Ashan di che sheng jing@e骑行技术完全手册@f(美) 布莱恩·洛佩斯, 李·麦考马克著@g潘震译
210    @a北京@c人民邮电出版社@d2021.1
215    @a359页@c彩图@d21cm
225 2  @a悦动空间@Ayue dong kong jian@i骑行训练
305    @a译自原书第3版
330    @a本书是一本全面详细介绍山地车骑行技术的指南。书中涵盖了山地车的选择与调校,人车合一的骑行姿势,控制速度、创造动力、切过弯道、征服障碍的方法与技巧,包括高效合理的踩踏、压抬、独轮骑、后轮滑、兔跳、飞跃等各种技术动作。
410  0 @12001 @a悦动空间@i骑行训练
517 1  @a骑行技术完全手册@Aqi xing ji shu wan quan shou ce
606 0  @a自行车运动@Azi xing che yun dong@j手册
690    @aG872.3@v5
701  1 @a洛佩斯@Aluo pei si@g(Lopes, Brian)@4著
701  1 @a麦考马克@Amai kao ma ke@g(McCormack)@4著
702  0 @a潘震@Apan zhen@4译
801  0 @aCN@bAHXH@c20221111
905    @b1375060-2@dG872.3@e242@f3
    
    山地车圣经:骑行技术完全手册/(美) 布莱恩·洛佩斯, 李·麦考马克著/潘震译.-北京:人民邮电出版社,2021.1
    359页:彩图;21cm.-(悦动空间.骑行训练)
    
    
    ISBN 978-7-115-50695-5:CNY99.00
    本书是一本全面详细介绍山地车骑行技术的指南。书中涵盖了山地车的选择与调校,人车合一的骑行姿势,控制速度、创造动力、切过弯道、征服障碍的方法与技巧,包括高效合理的踩踏、压抬、独轮骑、后轮滑、兔跳、飞跃等各种技术动作。
●
相关链接 在E读中查询图书 在五车中查询图书 在当当中查询图书 在豆瓣中查询图书


正题名:山地车圣经     索取号:G872.3/242         预约/预借

序号 登录号 条形码 馆藏地/架位号 状态 备注
1 1375060   213750608   第一样本阅览室/ [索取号:G872.3/242] 在馆    
2 1375061   213750617   第四借阅区/ [索取号:G872.3/242] 在馆    
3 1375062   213750626   第四借阅区/ [索取号:G872.3/242] 在馆    
唐山师范学院图书馆 欢迎您!
大连网信软件有限公司© 版权所有